| 000 | 00583nam a2200193Ia 4500 | ||
|---|---|---|---|
| 008 | 151119s9999||||xx |||||||||||||| ||und|| | ||
| 082 | _bGKKV34281 | ||
| 100 | _a"भोगले, प्रभाकर" | ||
| 245 | _aकोकणरंग | ||
| 260 | _aपुणे | ||
| 260 | _bविभासा पुस्तक महाल | ||
| 260 | _c2014 | ||
| 300 | _a192p. | ||
| 600 | _a"भोगले, प्रभाकर" | ||
| 630 | _aकोकणरंग | ||
| 700 | _a"भोगले, प्रभाकर" | ||
| 730 | _aकोकणरंग | ||
| 942 | _cBOOK | ||
| 999 |
_c1086574 _d1086571 |
||